Word Ladder: In a Galaxy Far, Far Away... Quiz Stats

 Plays Quiz Updated Nov 19, 2017

Score 0/24 Timer 03:00
0 Plays Today
Clue 4-Letter Word % Correct
Clothing used in ancient Rome TOGA
95.7%
☆ Surname for Han or Ben ☆☆ SOLO ☆
94.9%
A place for shopping MALL
93.9%
Opposite of shortTALL
93.8%
☆ Green elf, he is. Yes, hmmm. ☆☆ YODA ☆
93.2%
Sport with riders or horsesPOLO
92%
Downward-facing dog, et al.YOGA
91.9%
Where sweat comes fromPORE
90.4%
Vaulting needPOLE
90.2%
RippedTORE
89.6%
Blue-green colorTEAL
89.5%
Spanish for 'Bull'TORO
89.2%
Clue 4-Letter Word % Correct
TattleTELL
89.2%
Green bit on a branchLEAF
88.7%
Country in West Africa TOGO
88.3%
A man MALE
86.6%
☆ Luke's twin sister ☆☆ LEIA ☆
86.4%
☆ Darth who killed Qui Gon Jinn ☆☆ MAUL ☆
86.2%
Country in West Africa MALI
85.5%
A Hawaiian islandMAUI
84.3%
Explorer EriksonLEIF
84.2%
One and only SOLE
83.6%
Loyal or true, to a ScotLEAL
80.1%
6.022 x 10²³ thingsMOLE
78.5%

Today's Daily Dose

Missing Word
Christopher Lee

You're not logged in!

Compare scores with friends on all Sporcle quizzes.
OR
Log In

Show Comments

Extras

Top Quizzes Today


Score Distribution

Your Account Isn't Verified!

In order to create a playlist on Sporcle, you need to verify the email address you used during registration. Go to your Sporcle Settings to finish the process.

Report this User

Report this user for behavior that violates our Community Guidelines.

Details: